000 01401cam a22003617a 4500
003 CHAP
005 20220329142843.0
008 040827d2003 mx abd r 00110 spa d
010 _a88747
011 _a89719
035 _a100270
040 _cCHAP
090 _aTesis
100 0 0 _aGómez Camacho, Rodrigo.
_949634
245 1 3 _aLa fertilización foliar de silicio y miel de abeja como alternativas para el control de la marchitez (Fusarium oxysporum Brot.) en tomate de cascara (Physalys ixocarpa Brot.)
_c/por Rodrigo Gómez Camacho
260 _aMontecillo, Méx. :
_bEl autor,
_c2003
300 _a86 h. :
_bilus. ; gráfs. ; mapas ; cuadros
502 _aTesis (M. C.) -- CP. Instituto de Recursos Naturales. Programa en Edafología
590 _aALEPH
_b10
_c20130110
_lUCH01
_h1500
590 _aBATCH-UPD
_b10
_c20130110
_lUCH01
_h1104
590 _aBATCH-UPD
_b10
_c20130410
_lUCH01
_h0657
590 _aBATCH-UPD
_b10
_c20130914
_lUCH01
_h1427
590 _aCONVERSION
_b10
_c20130109
_lUCH01
_h1349
650 1 4 _aFertilizantes
_xEfecto en tomate verde.
_940557
650 1 4 _aFusarium oxysporum.
_944093
650 1 4 _aSilicio.
_9105941
650 1 4 _aSuelos
_xContaminación.
_9110327
650 1 4 _aTomate verde
_xEnfermedades por hongos.
_9113811
901 _aBK
905 _aMarco A. Mendoza T.
942 _cTESIS
949 _aTesis
_bBC
_cTES
_d1002701
_eTS1
_gDonaciØn
_h42609
_i100270
_sb
999 _c88747
_d88747